000
002730000a22000970004500
100
1
_a
Rogge, Benjamin A.
245
1
0
_a
The case for economic freedom : A classic moral defense
300
_a
Vol. 47, Num 3 (Marzo, 1997), Páginas 128-132
773
0
_t
The Freeman
942
_c
ANA
999
_c
56653
_d
56653